• 首页
  • 本馆介绍
  • 公告通知
  • 最新文献
  • 馆藏检索
  • 电子资源
  • 读者导购
  • 参考咨询
  • 我的图书馆
  • 登录
  • 详细信息显示
  • 放入我的书架
  • 预约/预借图书
  • 作者相关作品
  • 分类相关作品
  • 丛书相关作品
  • 出版社相关作品

书目信息

  • 表格格式
  • 工作单格式
  • 卡片格式
题名:
走向超重岛
    
 
作者: 弗辽洛夫 , 伊利诺夫 著 ;温琛林 , 蔡雍雍 译
分册:  
出版信息: 北京   原子能出版社  1981
页数: 94页
开本: 19cm
丛书名:
单 册:
中图分类: TL-49
科图分类:
主题词: 核技术
电子资源:
ISBN:
000 00655nam0 2200217 45
001 0181013451
005 20070801141015.43
010    @dCNY0.35
100    @a20810111d1981 km y0chiy0120 ea
101 0  @achi@crus
200 1  @a走向超重岛@Azuo xiang chao zhong dao@f(苏)Г·Н·弗辽洛夫,А·С·伊利诺夫著@Ffe liao luo fu@g温琛林,蔡雍雍译
210    @a北京@c原子能出版社@d1981
215    @a94页@d19cm
606 0  @a核技术
690    @aTL-49@v4
701 0  @a弗辽洛夫@Afu liao luo fu@4著
701  0 @a伊利诺夫@Ayi li nuo fu@4著
702  0 @a温琛林@Awen chen lin@4译
702  0 @a蔡雍雍@Acai yong yong@4译
801    @aCN@bTSTC@c20070801
905    @dTL-49@e4
    
    走向超重岛/(苏)Г·Н·弗辽洛夫,А·С·伊利诺夫著/温琛林,蔡雍雍译.-北京:原子能出版社,1981
    94页;19cm
    
    
    ISBN :CNY0.35
    
●
相关链接 在E读中查询图书 在五车中查询图书 在当当中查询图书 在豆瓣中查询图书


正题名:走向超重岛     索取号:TL-49/4         预约/预借

序号 登录号 条形码 馆藏地/架位号 状态 备注
1 0073717   202237418   密集书库/ [索取号:TL-49/4] 在馆    
2 0073718   202237427   密集书库/ [索取号:TL-49/4] 在馆    
3 0073719   202297807   密集书库/ [索取号:TL-49/4] 在馆    
4 0790711   207907112   密集书库/ [索取号:TL-49/4] 在馆    
唐山师范学院图书馆 欢迎您!
大连网信软件有限公司© 版权所有